| 000 | 00821cam a2200241 a 4500 | ||
|---|---|---|---|
| 001 | 207589 | ||
| 005 | 20180315045131.0 | ||
| 008 | 000225s1999 nyuab b 001 0 eng d | ||
| 010 | _a 99072451 | ||
| 020 | _a1563671654 | ||
| 035 | _a(OCoLC)ocm42052549 | ||
| 040 |
_aN2B _cN2B _dIWA _dJNA _dOCL _dDLC |
||
| 041 | _aeng | ||
| 042 | _alccopycat | ||
| 080 | _a78 LYN | ||
| 100 | 1 | _a43 | |
| 101 | _aMUZ | ||
| 245 | 1 | 4 |
_aThe meanings of dress / _cMary Lynn Damhorst, Kimberly A. Miller, Susan O. Michelman. |
| 504 | _aIncludes bibliographical references (p. 539-542) and indexes. | ||
| 906 |
_a7 _bcbc _ccopycat _d2 _encip _f20 _gy-gencatlg |
||
| 942 |
_2ddc _cBK |
||
| 999 |
_c45080 _d45080 |
||